00453 2200157 4500001002100000008004100021035002000062245006400082100001700146260004500163300002700208020002200235084001600257082001000273990001200283INLIS000000000001414 Ind  a0010-0924000011 aEnsiklopedia Desa Kerajianan dan Indstri BesarcBeni Wijaya aWijaya, Beni aJakartabPT. Educarindo Compumediac2016 a136 hlm.c17,5 x 25 cm a978-979-3901-84-8 a670.3 BEN e a670.3 a0750915